000 00704nam a2200205Ia 4500
003 GCL
008 140319s9999 xx 000 0 ara d
040 _aGCL /
_cGCL
082 0 4 _a370.1927
_bع ت
100 1 _aعبدالله عبدالدائم
245 1 0 _aالتربية والعمل العربى المشترك فى سبيل تربية عربية اصيلة متكاملة /
_cعبدالله عبدالدائم
260 _a[S.N] :
_bدار العلم للملايين ،
_c1988
300 _a220 ص
490 _a
650 0 4 _aالعالم العربى
650 0 4 _aالتربية
650 0 4 _aالتعاون الدولى
650 0 4 _aالتعاون الثقافى
942 _2ddc
_cBK
999 _c49131
_d49131